00342nam a2200109Ia 4500008004000000082001500040100002900055245008400084250000500168260005100173300000800224210210b1975 xxu||||| |||| 00| 0 eng d a954.8 VENO aVENKATA RAMANAPPA (M N). aOutlines of south Indian history with special reference to Karnataka. Rev Ed 2. a aDelhi.bVikas Publishing House Pvt Ltd.,c1975 a267